Chamber's seven-figure mathematical tables (Record no. 4804)

MARC details
000 -LEADER
fixed length control field 00633nam a2200181Ia 4500
003 - CONTROL NUMBER IDENTIFIER
control field IN-BaIIA
008 - FIXED-LENGTH DATA ELEMENTS--GENERAL INFORMATION
fixed length control field 211028s9999 xx 000 0 eng d
040 ## - CATALOGING SOURCE
Transcribing agency IIA Library
080 ## - UNIVERSAL DECIMAL CLASSIFICATION NUMBER
Universal Decimal Classification number 083:51
Item number CHA
245 #0 - TITLE STATEMENT
Title Chamber's seven-figure mathematical tables
Remainder of title consisting of logarithms of numbers 1 to 100,000 trigonometrical and other tables
Statement of responsibility, etc. compiled by James Pryde
260 ## - PUBLICATION, DISTRIBUTION, ETC.
Place of publication, distribution, etc. Bombay
Name of publisher, distributor, etc. Allied Publishers
300 ## - PHYSICAL DESCRIPTION
Extent xxv, 312p.
650 ## - SUBJECT ADDED ENTRY--TOPICAL TERM
Topical term or geographic name entry element  Tables (Data) 
9 (RLIN) 8549
650 ## - SUBJECT ADDED ENTRY--TOPICAL TERM
Topical term or geographic name entry element  Tables (Mathematical data)
9 (RLIN) 8550
650 ## - SUBJECT ADDED ENTRY--TOPICAL TERM
Topical term or geographic name entry element Astronomy and astrophysics thesaurus 
9 (RLIN) 1143
700 ## - ADDED ENTRY--PERSONAL NAME
Personal name Pryde, James., comp.
9 (RLIN) 8551
942 ## - ADDED ENTRY ELEMENTS (KOHA)
Koha item type Books
Holdings
Withdrawn status Lost status Damaged status Not for loan Home library Current library Shelving location Date acquired Cost, normal purchase price Total Checkouts Full call number Barcode Date last seen Cost, replacement price Price effective from Koha item type Purchase Price
        IIA Library-Bangalore IIA Library-Bangalore General Stacks 23/02/1976 8.00   083:51/ CHA 5372 05/11/2021 8.00 23/02/1976 Books Rs. 8.00

Powered by Koha